Score 0/7 Timer 03:00
5 Plays Today
Question Answer Wrong Answers
This Latin American cultural icon, the 25th First Lady of Argentina, is born.
1919
Eva Perón
92.3%
Rita Moreno
1.7%
Celia Cruz
2.1%
Claribel Alegria
1.4%
A turning point in US opinion towards World War I, the RMS ______ is sunk by a German submarine, killing 1,198 people.
1915
Lusitania
88.3%
Mauretania
4.1%
Queen Mary
3.5%
Liverpool
2.3%
The Norway Debate in the British House of Commons begins, eventually leading to the replacement of this Prime Minister with Winston Churchill.
1940
Neville Chamberlain
82.4%
Stanley Baldwin
3.1%
Ramsay MacDonald
2.2%
Clement Attlee
9.4%
This famous composer’s ‘Symphony No. 9’ premiers for the first time in Vienna. It would be his final complete symphony.
1824
Ludwig van Beethoven
71.1%
Wolfgang Amadeus Mozart
18.4%
Johann Sebastian Bach
7.4%
Johannes Brahms
2.1%
This man is inaugurated as president of Russia.
2000
Vladimir Putin
69.6%
Dmitry Medvedev
4.2%
Boris Yeltsin
16.3%
Mikhail S. Gorbachev
6.6%
This man, often associated with the Reign of Terror during the French Revolution, introduces the Cult of the Supreme Being as the new state religion of the French First Republic.
1794
Maximilien Robespierre
69.2%
Louis XVI
18.2%
Jean-Paul Marat
4.6%
Jean-Jacques Rousseau
7.9%
Michigan ratifies a 203-year-old proposed amendment to the US Constitution, making the 27th Amendment law. This amendment bars the US Congress from giving itself what?
1992
Mid-Term Pay Raises
52.4%
Extra Paid Days Off
6.8%
Additional Veto Powers
28.7%
Larger Pensions
8.9%
Remove Ads.
Support Sporcle.
Get the best of Sporcle when you Go Orange. This ad-free experience offers more features, more stats, and more fun while also helping to support Sporcle. Thank you for becoming a member.

You're not logged in!

Compare scores with friends on all Sporcle quizzes.
OR
Log In

Show Comments

Extras

Top Quizzes Today


Score Distribution

Your Account Isn't Verified!

In order to create a playlist on Sporcle, you need to verify the email address you used during registration. Go to your Sporcle Settings to finish the process.

Report this User

Report this user for behavior that violates our Community Guidelines.

Details: